Top 10 Non-English Languages Spoken in New York City - Statistics

General Stats
  • This quiz has been taken 66,579 times
    65,522 since last reset
  • The average score is 8 of 11
Answer Stats
% Language % Correct
19.4 Spanish
99%
1.01 French Creole
96%
3.15 Chinese
95%
0.77 French
95%
1.22 Italian
86%
1.35 Russian
80%
0.68 Arabic
76%
0.91 Korean
65%
0.73 Polish
53%
0.77 Tagalog
41%
0.71 Yiddish
25%
No matching quizzes found
Score Distribution
Percent of People with Each Score
Percentile by Number Answered
Your Score History
You have not taken this quiz since the last reset